书目信息 |
| 题名: |
东亚儒学探索
|
|
| 作者: | 黄俊杰 著 | |
| 分册: | ||
| 出版信息: | 贵阳 孔学堂书局 2019.05 |
|
| 页数: | 354页 | |
| 开本: | 25cm | |
| 丛书名: | 孔学堂文库 | |
| 单 册: | ||
| 中图分类: | B222.05 | |
| 科图分类: | ||
| 主题词: | 儒学--ru xue--东亚--文集 | |
| 电子资源: | ||
| ISBN: | 978-7-80770-064-7 | |
| 000 | 01492nam 2200301 450 | |
| 001 | CAL 0120192878267 | |
| 005 | 20230217093113.0 | |
| 010 | @a978-7-80770-064-7@dCNY68.00 | |
| 100 | @a20191203d2019 em y0chiy0120 ea | |
| 101 | 0 | @achi |
| 102 | @aCN@b520000 | |
| 105 | @ay a 000yy | |
| 106 | @ar | |
| 200 | 1 | @a东亚儒学探索@Adong ya ru xue tan suo |
| 210 | @a贵阳@c孔学堂书局@d2019.05 | |
| 215 | @a354页@d25cm | |
| 225 | 2 | @a孔学堂文库@Akong xue tang wen ku |
| 300 | @a本书获二○一七年贵州省出版传媒事业发展专项资金资助 本书获贵州省孔学堂发展基金资助 | |
| 314 | @a版权页题: 黄俊杰著 | |
| 314 | @a黄俊杰, 台湾大学历史学学士、硕士, 美国华盛顿大学 (西雅图) 博士。 | |
| 320 | @a有书目 | |
| 330 | @a这部论文集选辑作者过去数十年来所撰写的论文共15篇, 分为“理论与方法”“孟学研究”及“东亚儒学探索”3大部分。第1部分, 分别论述了思想史研究方法、社会科学理论与中国传统学术之间的关系、如何从东亚出发思考、东亚思想交流史中的“脉络性转换”现象及其方法论等问题。第2部分, 详细论述了孟子在论证时所呈现的思维方式、孟子的义利思想及其在思想史上的定位、“孟子不尊周”之论争背后之政治思想等问题。第3部分, 以综论“东亚儒学”为始, 进一步讨论“身体观”“中国论”“克己复礼”“仁政”等儒学重要概念东亚思想交流史中分别呈现的思想意义, 并重新衡定儒学传统于二十一世纪全球化时代中的价值。 | |
| 410 | 0 | @12001 @a孔学堂文库 |
| 606 | 0 | @a儒学@Aru xue@y东亚@j文集 |
| 690 | @aB222.05@v5 | |
| 701 | 0 | @a黄俊杰@Ahuang jun jie@4著 |
| 801 | 0 | @aCN@bBJXHZP@c20230228 |
| 905 | @b1405573-6@dB222.05@e1065@f4 | |
| 东亚儒学探索.-贵阳:孔学堂书局,2019.05 |
| 354页;25cm.-(孔学堂文库) |
| 本书获二○一七年贵州省出版传媒事业发展专项资金资助 本书获贵州省孔学堂发展基金资助 |
| ISBN 978-7-80770-064-7:CNY68.00 |
| 这部论文集选辑作者过去数十年来所撰写的论文共15篇, 分为“理论与方法”“孟学研究”及“东亚儒学探索”3大部分。第1部分, 分别论述了思想史研究方法、社会科学理论与中国传统学术之间的关系、如何从东亚出发思考、东亚思想交流史中的“脉络性转换”现象及其方法论等问题。第2部分, 详细论述了孟子在论证时所呈现的思维方式、孟子的义利思想及其在思想史上的定位、“孟子不尊周”之论争背后之政治思想等问题。第3部分, 以综论“东亚儒学”为始, 进一步讨论“身体观”“中国论”“克己复礼”“仁政”等儒学重要概念东亚思想交流史中分别呈现的思想意义, 并重新衡定儒学传统于二十一世纪全球化时代中的价值。 |
| ● |
| 相关链接 |
|
|
|
|
正题名:东亚儒学探索
索取号:B222.05/1065
 
预约/预借
| 序号 | 登录号 | 条形码 | 馆藏地/架位号 | 状态 | 备注 |
| 1 | 1405573 | 214055733 | 第一样本阅览室/ [索取号:B222.05/1065] | 在馆 | |
| 2 | 1405574 | 214055742 | 第一借阅区/ [索取号:B222.05/1065] | 在馆 | |
| 3 | 1405575 | 214055751 | 第一借阅区/ [索取号:B222.05/1065] | 在馆 | |
| 4 | 1405576 | 214055760 | 第一借阅区/ [索取号:B222.05/1065] | 在馆 |